| 000 | 00533nam a22001817a 4500 | ||
|---|---|---|---|
| 999 |
_c9016 _d9016 |
||
| 008 | 210319b ||||| |||| 00| 0 eng d | ||
| 040 | _aBMS College of Architecture | ||
| 100 | _aH, S, Shamatha | ||
| 245 | _aRural education society | ||
| 300 | _a56p. | ||
| 500 | _a1BM09AT046 | ||
| 502 |
_8B.Arch _NBMS College of Architecture, Visvesvaraya Technological University _aProject report _d2013 |
||
| 650 | _aEducation | ||
| 650 | _aSocity | ||
| 700 |
_aAjaichandran C K _eGuide |
||
| 700 |
_aBhagyalaxmi M _eGuide |
||
| 942 |
_2ddc _cTHE |
||